Counties of Ireland - Statistics

General Stats
  • This quiz has been taken 331 times
  • The average score is 18 of 26
Answers on the Map
Answers color-coded by a green-red scale on the quiz's map according to % correct below.
 
Answer Stats
Ireland % Correct
Cork
93%
Dublin
91%
Galway
82%
Mayo
82%
Limerick
79%
Sligo
78%
Waterford
77%
Donegal
76%
Kerry
75%
Wexford
75%
Clare
74%
Wicklow
68%
Meath
67%
Tipperary
67%
Kilkenny
65%
Louth
62%
Westmeath
62%
Kildare
59%
Roscommon
59%
Carlow
58%
Offaly
57%
Cavan
56%
Laois
56%
Leitrim
55%
Monaghan
49%
Longford
45%
No matching quizzes found
Score Distribution
Percent of People with Each Score
Percentile by Number Answered
Your Score History
You have not taken this quiz